1695 1188 1908 1821 1551 1310 1889 1626 1348 1011 1095 1389 1317 1505 1032 1619 1261 1696 1171 1727 1666 1551 1216 1904 1303 1499 1513 1887 1376 1590 1139 1137 1016 1568 1349 1910 1332 1568 1638 1112 1387 1339 1500 1731 1617 1285 1530 1156 1255 1734 1019 1619 1104 1901 1659 1683 1625 1947 1248 1001 1998 1622 1710 1073 1502 1569 1451 1874 1375 1297 1788 1079 1002 1538 1703 1115 1828 1227 1516 1502 1108 1540 1259 1115 1188 1668 1394 1388 1774 1647 1466 1176 1500 1831 1706 1033 1405 1374 1987 BCNSPRNW ULIB Ver.6.0+V

เปลี่ยนเป็นภาษาไทย

Change to English
 แสดงรายละเอียดบรรณานุกรม
  กลับหน้าหลัก

Brief Record : Get Marc (ISO 2709) : E-mail record : QR code < ปิดหน้าต่าง
LEADER : 00000nam 2200000uu 4500
001    13399129162
003     ULIB
008    260416s2567||||th 000 0 tha d
020    ^a9789740318576
050  4 ^aLB1025.3^bท521ศ
100 0  ^aทิศนา แขมมณี
245 10 ^aศาสตร์การสอน :^bองค์ความรู้เพื่อการจัดกระบวนการเรียนรู้ที่มีประสิทธิภาพ /^cทิศนา แขมมณี
250    ^aพิมพ์ครั้งที 27
260    ^aกรุงเทพฯ :^bสำนักพิมพ์แห่งจุฬาลงกรณ์มหาวิทยาลัย,^c2567
300    ^a(24), 512 หน้า :^bภาพประกอบ ;^c27 ซม.
650  4 ^aการเรียนรู้
650  4 ^aการเรียนรู้ (จิตวิทยา)
650  4 ^aการสอน
999    ^aประนอม เกษจรัล
รายการนี้ยังไม่มีแท็ก
คุณยังไม่ได้ล็อกอิน คุณสามารถมีกิจกรรมร่วมกับเว็บไซต์ได้ แต่ต้องล็อกอินก่อน ::
  ล็อกอิน

รายการสื่อสารสนเทศ

ลำดับที่ ประเภท เลขเรียก/บาร์โค้ด สถานที่ สถานะ
1. การศึกษาทั่วไป
หนังสือสำรอง
สถานะ=หนังสือสำรอง
LB1025.3 ท521ศ ฉ.1 
  Barcode: 011938
ห้องสมุดวิทยาเขตสวรรค์ประชารักษ์
►หนังสือทั่วไป
บนชั้น
2. การศึกษาทั่วไป
การศึกษาทั่วไป
LB1025.3 ท521ศ ฉ.2 
  Barcode: 011939
ห้องสมุดวิทยาเขตสวรรค์ประชารักษ์
►หนังสือทั่วไป
บนชั้น
3. การศึกษาทั่วไป
การศึกษาทั่วไป
LB1025.3 ท521ศ ฉ.3 
  Barcode: 011940
ห้องสมุดวิทยาเขตสวรรค์ประชารักษ์
►หนังสือทั่วไป
บนชั้น
4. การศึกษาทั่วไป
การศึกษาทั่วไป
LB1025.3 ท521ศ ฉ.4 
  Barcode: 011941
ห้องสมุดวิทยาเขตสวรรค์ประชารักษ์
►หนังสือทั่วไป
ถูกยืม กำหนดส่งวันที่ 31 พฤษภาคม 2569
  จอง

รายการใกล้เคียง
    ผู้แต่ง [ทิศนา แขมมณี]

    หัวเรื่อง [การเรียนรู้]
    หัวเรื่อง [การเรียนรู้ (จิตวิทยา)]
    หัวเรื่อง [การสอน]

BibComment


ยังไม่เคยถูกคอมเมนท์

คอมเมนท์ทรัพยากรรายการนี้
  คอมเมนท์: ศาสตร์การสอน อง..


 Copyright 2026. Bcnsprnw @Library